000 01313nam a2200397 c 4500
001 7047
003 ES-MaCES
005 20190103040050.0
008 980615s1998 sp ||| | spa d
017 _aV-1302-1998
_bDL
020 _a8480026170
035 _aCES19980071165m
040 _aES-MaCES
_bspa
_cES-MaCES
100 1 _aSantiago Redondo, Koldo Mikel
_923459
245 1 3 _aLa negociación colectiva en la cumbre (art. 83.3 E.T.)
_cKoldo Mikel Santiago Redondo
260 _aValencia
_bTirant lo Blanch
_c1998
300 _a133 p.
_c21 cm
490 1 _aColección Laboral (Tirant lo Blanch (Firma))
_v63
504 _aBibliografía: p. 129-133
541 _cCompra
650 4 _anegociación colectiva
_928362
650 4 _aconvenio colectivo
_928361
650 4 _aacuerdo colectivo de empresa
_931121
650 4 _aEstatuto de los Trabajadores
_930784
650 4 _areforma legislativa
_929892
650 4 _aEspaña
_926964
650 4 _a1994
_930780
650 4 _acampo de aplicación
_930263
650 4 _aderecho del trabajo
_927165
650 4 _aderecho jurisprudencial
_929863
653 1 0 _aRelaciones laborales-Empleo
830 0 _aLaboral (Tirant lo Blanch (Firma))
_v63
_932672
902 _aLIB Libro
942 _2CES
_cBK
_h2.0.
999 _c7047
_d7047